|
|
|
|
| LEADER |
00966nam a22002417a 4500 |
| 001 |
29279 |
| 003 |
BD-DhAAL |
| 005 |
20150527112343.0 |
| 008 |
150527s2008 cc ||||| |||| 00| 0 mul d |
| 020 |
|
|
|a 9787107171277
|
| 040 |
|
|
|a BD-DhAAL
|c BD-DhAAL
|
| 082 |
|
|
|2 22
|a 495.1/82421
|
| 245 |
|
|
|a 快乐汉语 = Kuaile Hanyu /
|c bian zhe Li Xiaoqi ... [et al.].
|
| 246 |
|
|
|a Kuai le Han yu = Kuaile Hanyu
|
| 260 |
|
|
|a Beijing :
|b Ren min jiao yu chu ban she
|c 2008
|
| 300 |
|
|
|a 137 p. :
|b ill. ;
|c 29 cm.
|
| 541 |
|
|
|e 29279
|
| 650 |
|
|
|a Chinese language
|x Textbooks for foreign speakers-English
|9 11502
|
| 700 |
|
|
|a bian zhe Li Xiaoqi
|9 11503
|
| 852 |
|
|
|a Ayesha Abed Library
|c General Stacks
|
| 942 |
|
|
|2 ddc
|c BK
|
| 999 |
|
|
|c 34546
|d 34546
|
| 952 |
|
|
|0 0
|1 0
|2 ddc
|4 0
|6 495_182421000000000_KUA
|7 0
|9 53946
|a BRACUL
|b BRACUL
|c GEN
|d 2015-05-27
|e BRAC Institute of Language
|l 1
|o 495.182421 KUA
|p 3010029279
|r 2025-05-12
|s 2025-05-05
|t 1
|w 2015-05-27
|y BK
|x Transferred from BIL to BRACUL on 06/06/22
|